000 00437cam a2200181ua 4500
020 _a0-08-020614-x
041 _aeng
_h
082 _a660
_bCOU/CH
100 _aCoulson, J.M .
245 _aChemical engineering, Vol I /
_cJ.M.Coulson.
_hTextual Documents
250 _a3 /
_b.
260 _a :
_bPergamon press ,
_c1984.
300 _a449 ; .
504 _a
700 1 _aRichardson, J.F .
942 _cBK
999 _c1524
_d1524